[Event "FIN-chT 2223"]
[Site "Finland"]
[Date "2023.04.01"]
[Round "10.7"]
[White "Lehtivaara, Risto"]
[Black "Varpanen, Jan"]
[Result "0-1"]
[WhiteElo "2125"]
[BlackElo "2126"]
[PlyCount "92"]
[EventDate "2022.09.24"]
[EventType "team-tourn"]
[EventRounds "11"]
[EventCountry "FIN"]
[SourceTitle "EXT 2024"]
[Source "ChessBase"]
[SourceDate "2023.10.10"]
[SourceVersion "1"]
[SourceVersionDate "2023.10.10"]
[SourceQuality "1"]
[WhiteTeam "Espoo MatSK"]
[BlackTeam "Vammala SK"]
[WhiteTeamCountry "FIN"]
[BlackTeamCountry "FIN"]

1. e4 c5 2. c3 Nf6 3. e5 Nd5 4. d4 cxd4 5. Nf3 e6 6. cxd4 d6 7. Nc3 Nxc3 8. bxc3 Qc7 9. Bd2 Nc6 10. exd6 Qxd6 11. Bc4 Bd7 12. Qe2 Be7 13. 0-0 0-0 14. Rfe1 a6 15. h4 Bf6 16. Ng5 b5 17. Ne4 Qe7 18. Nxf6+ Qxf6 19. Bg5 Qg6 20. Bd3 f5 21. Qf3 h6 22. Bf4 Qf7 23. Bc2 Na5 24. a4 Nc4 25. Bb3 Rac8 26. axb5 Bxb5 27. Reb1 Rc6 28. Ba4 Bxa4 29. Rxa4 Rfc8 30. Rb8 Qd7 31. Rxc8+ Qxc8 32. Rb4 Rb6 33. Qe2 Rxb4 34. cxb4 Qc6 35. Qa2 Qb5 36. Bd2 Kf7 37. Bc3 Nb6 38. Be1 Nd5 39. Qd2 Qc4 40. g3 Nf6 41. Qc3 Qxc3 42. Bxc3 Nd5 43. Bd2 Ke7 44. Kf1 Kd6 45. Ke2 Kc6 46. f3 h5 0-1

[Event "FIN-chT 1920"]
[Site "Finland"]
[Date "2020.02.08"]
[Round "7.7"]
[White "Lammi, Jyri"]
[Black "Lehtivaara, Risto"]
[Result "0-1"]
[WhiteElo "2079"]
[BlackElo "2104"]
[PlyCount "76"]
[EventDate "2019.09.14"]
[EventType "team-tourn"]
[EventRounds "11"]
[EventCountry "FIN"]
[SourceTitle "EXT 2022"]
[Source "ChessBase"]
[SourceDate "2021.10.06"]
[SourceVersion "1"]
[SourceVersionDate "2021.10.06"]
[SourceQuality "1"]
[WhiteTeam "Helsinki Aatos"]
[BlackTeam "Espoo MatSK II"]
[WhiteTeamCountry "FIN"]
[BlackTeamCountry "FIN"]

1. f4 d5 2. Nf3 Nf6 3. b3 g6 4. Bb2 Bg7 5. e3 0-0 6. Be2 c5 7. Ne5 b6 8. 0-0 Bb7 9. d3 Nfd7 10. d4 f6 11. Nxd7 Qxd7 12. c4 e6 13. Nc3 Rd8 14. cxd5 exd5 15. f5 Qe7 16. Rf3 Bh6 17. Bc1 g5 18. Ba3 g4 19. Rg3 Bxe3+ 20. Kh1 h5 21. Bxg4 h4 22. Rh3 Nc6 23. Rxh4 Nxd4 24. Bh5 Nxf5 25. Rg4+ Kh8 26. Qf3 Nh6 27. Rg6 d4 28. Qh3 Rg8 29. Re1 Rxg6 30. Bxg6 Rg8 31. Qxh6+ Bxh6 32. Rxe7 Rxg6 33. Rxb7 dxc3 34. Re7 Rg7 35. Re8+ Kh7 36. Re1 Rd7 37. Bc1 Bxc1 38. Rxc1 c2 0-1

[Event "FIN-chT1B 1819"]
[Site "Finland"]
[Date "2019.02.09"]
[Round "6.4"]
[White "Lehtivaara, Risto"]
[Black "Salmelin, Aaro"]
[Result "1/2-1/2"]
[WhiteElo "2121"]
[BlackElo "2027"]
[PlyCount "58"]
[EventDate "2018.09.15"]
[EventType "team-tourn"]
[EventRounds "7"]
[EventCountry "FIN"]
[SourceTitle "EXT 2020"]
[Source "ChessBase"]
[SourceDate "2019.10.17"]
[SourceVersion "1"]
[SourceVersionDate "2019.10.17"]
[SourceQuality "1"]
[WhiteTeam "Espoo MatSK II"]
[BlackTeam "Jyvaskyla JyS II"]
[WhiteTeamCountry "FIN"]
[BlackTeamCountry "FIN"]

1. e4 e5 2. Nf3 Nf6 3. Bc4 Nxe4 4. Nc3 Nxc3 5. dxc3 f6 6. 0-0 Qe7 7. Re1 d6 8. Nh4 g6 9. f4 Be6 10. Bd3 Bf7 11. Qf3 c6 12. Qg3 Nd7 13. Be3 Nb6 14. a4 Nd5 15. Bd2 0-0-0 16. c4 Nc7 17. c5 d5 18. fxe5 fxe5 19. b4 e4 20. Bg5 Qd7 21. Bxd8 Qxd8 22. Be2 Be7 23. Qh3+ Kb8 24. g3 h5 25. Rf1 Be6 26. Qg2 Bxh4 27. gxh4 Bf5 28. Qg3 Kc8 29. b5 Ne6 1/2-1/2

[Event "FIN-chT1A 1718"]
[Site "Finland"]
[Date "2018.02.03"]
[Round "6.2"]
[White "Pitkaaho, Arto"]
[Black "Lehtivaara, Risto"]
[Result "1/2-1/2"]
[WhiteElo "2165"]
[BlackElo "2151"]
[PlyCount "27"]
[EventDate "2017.09.16"]
[EventType "team-tourn"]
[EventRounds "7"]
[EventCountry "FIN"]
[SourceTitle "EXT 2020"]
[Source "ChessBase"]
[SourceDate "2019.10.17"]
[SourceVersion "1"]
[SourceVersionDate "2019.10.17"]
[SourceQuality "1"]
[WhiteTeam "Raahe Li"]
[BlackTeam "Espoo MatSK II"]
[WhiteTeamCountry "FIN"]
[BlackTeamCountry "FIN"]

1. c4 e6 2. g3 d5 3. Bg2 c6 4. Nf3 Nf6 5. 0-0 Bd6 6. d4 0-0 7. Qc2 Nbd7 8. Nc3 Qe7 9. Rd1 dxc4 10. e4 e5 11. b3 cxb3 12. axb3 Rd8 13. h3 exd4 14. Nxd4 1/2-1/2

[Event "FIN-chT1A 1718"]
[Site "Finland"]
[Date "2017.10.21"]
[Round "3.1"]
[White "Hynninen, Juha"]
[Black "Lehtivaara, Risto"]
[Result "1-0"]
[WhiteElo "2226"]
[BlackElo "2151"]
[PlyCount "58"]
[EventDate "2017.09.16"]
[EventType "team-tourn"]
[EventRounds "7"]
[EventCountry "FIN"]
[SourceTitle "EXT 2020"]
[Source "ChessBase"]
[SourceDate "2019.10.17"]
[SourceVersion "1"]
[SourceVersionDate "2019.10.17"]
[SourceQuality "1"]
[WhiteTeam "Vantaa Remi"]
[BlackTeam "Espoo MatSK II"]
[WhiteTeamCountry "FIN"]
[BlackTeamCountry "FIN"]

1. d4 d5 2. c4 e6 3. Nf3 c6 4. Qc2 f5 5. Bf4 Nf6 6. e3 Bd6 7. Nbd2 0-0 8. Be2 b6 9. 0-0 Bb7 10. Rfd1 Ne4 11. Rac1 c5 12. Bxd6 Qxd6 13. cxd5 exd5 14. dxc5 bxc5 15. Nc4 Qe7 16. Na5 c4 17. Nxb7 Qxb7 18. Rxd5 c3 19. Rb5 Qc7 20. bxc3 Nc6 21. Bc4+ Kh8 22. Bd5 Rae8 23. Bxc6 Qxc6 24. Nd4 Qg6 25. Ne2 Ng5 26. Nf4 Nf3+ 27. Kh1 Qc6 28. c4 g5 29. Nd5 Nh4 1-0

[Event "FIN-chT 1415"]
[Site "Finland"]
[Date "2015.02.08"]
[Round "8.6"]
[White "Linnanen, Lassi"]
[Black "Lehtivaara, Risto"]
[Result "0-1"]
[WhiteElo "2167"]
[BlackElo "2161"]
[PlyCount "72"]
[EventDate "2014.09.27"]
[EventType "team-tourn"]
[EventRounds "11"]
[EventCountry "FIN"]
[SourceTitle "EXT 2016"]
[Source "ChessBase"]
[SourceDate "2015.10.08"]
[SourceVersion "1"]
[SourceVersionDate "2015.10.08"]
[SourceQuality "1"]
[WhiteTeam "Helsinki Aatos"]
[BlackTeam "Espoo MatSK II"]
[WhiteTeamCountry "FIN"]
[BlackTeamCountry "FIN"]

1. g3 f5 2. Nh3 Nf6 3. Bg2 e6 4. d3 g6 5. 0-0 Bg7 6. e4 0-0 7. e5 Ng4 8. d4 d6 9. f3 Nh6 10. f4 c5 11. c3 Qb6 12. Qb3 cxd4 13. Qxb6 axb6 14. cxd4 Nc6 15. Rd1 Ra4 16. d5 Rd4 17. Re1 Nb4 18. Be3 Nc2 19. Bxd4 Nxe1 20. Na3 Nxg2 21. Nc4 Nxf4 22. Nxf4 dxe5 23. Bxe5 Bxe5 24. Nxe5 Nf7 25. Nxf7 Kxf7 26. dxe6+ Bxe6 27. Rc1 Rc8 28. Rxc8 Bxc8 29. a3 Bd7 30. Kf2 Bc6 31. Ke3 g5 32. Ne2 Ke6 33. h4 f4+ 34. gxf4 gxh4 35. Nd4+ Kd5 36. Nf3 h3 0-1

[Event "FIN-chT 1415"]
[Site "Finland"]
[Date "2014.11.16"]
[Round "6.6"]
[White "Lehtivaara, Risto"]
[Black "Vinke, Dietmar"]
[Result "1/2-1/2"]
[WhiteElo "2161"]
[BlackElo "2166"]
[PlyCount "40"]
[EventDate "2014.09.27"]
[EventType "team-tourn"]
[EventRounds "11"]
[EventCountry "FIN"]
[SourceTitle "EXT 2016"]
[Source "ChessBase"]
[SourceDate "2015.10.08"]
[SourceVersion "1"]
[SourceVersionDate "2015.10.08"]
[SourceQuality "1"]
[WhiteTeam "Espoo MatSK II"]
[BlackTeam "Oulu OSS"]
[WhiteTeamCountry "FIN"]
[BlackTeamCountry "FIN"]

1. e4 c6 2. d4 d5 3. e5 Bf5 4. Bd3 Bxd3 5. Qxd3 e6 6. Ne2 Qa5+ 7. c3 Qa6 8. Qd1 Nd7 9. f4 Ne7 10. Be3 Nf5 11. Bf2 h5 12. g3 c5 13. 0-0 Be7 14. Nd2 g6 15. Kg2 Rc8 16. Nf3 Nb6 17. Re1 Nc4 18. Qc1 Kf8 19. h3 cxd4 20. Nexd4 Nxd4 1/2-1/2

[Event "FIN-chT 1213"]
[Site "Finland"]
[Date "2013.01.12"]
[Round "8.7"]
[White "Lehtivaara, Risto"]
[Black "Parkkinen, Jyrki"]
[Result "1/2-1/2"]
[WhiteElo "2164"]
[BlackElo "2164"]
[PlyCount "29"]
[EventDate "2012.09.28"]
[EventType "team-tourn"]
[EventRounds "11"]
[EventCountry "FIN"]
[SourceTitle "EXT 2014"]
[Source "ChessBase"]
[SourceDate "2013.11.20"]
[SourceVersion "1"]
[SourceVersionDate "2013.11.20"]
[SourceQuality "1"]
[WhiteTeam "Espoo MatSK II"]
[BlackTeam "Helsinki HSK"]
[WhiteTeamCountry "FIN"]
[BlackTeamCountry "FIN"]

1. e4 c6 2. d4 d5 3. exd5 cxd5 4. c4 Nf6 5. Nc3 e6 6. a3 dxc4 7. Bxc4 Be7 8. Nf3 0-0 9. 0-0 Nbd7 10. Qe2 Nb6 11. Bd3 Nbd5 12. Ne5 Bd7 13. Re1 Bc6 14. g4 g6 15. Bc4 1/2-1/2

[Event "FIN-chT 1011"]
[Site "Finland"]
[Date "2010.11.20"]
[Round "4.5"]
[White "Lehtivaara, Risto"]
[Black "Maki, Veijo"]
[Result "0-1"]
[WhiteElo "2182"]
[BlackElo "2409"]
[PlyCount "118"]
[EventDate "2010.09.18"]
[EventType "team-tourn"]
[EventRounds "9"]
[EventCountry "FIN"]
[SourceTitle "EXT 2012"]
[Source "ChessBase"]
[SourceDate "2011.11.24"]
[SourceVersion "1"]
[SourceVersionDate "2011.11.24"]
[SourceQuality "1"]
[WhiteTeam "Mat SK II"]
[BlackTeam "Tammer Shakki"]
[WhiteTeamCountry "FIN"]
[BlackTeamCountry "FIN"]

1. e4 c5 2. c3 d5 3. exd5 Qxd5 4. d4 Nf6 5. Nf3 Nc6 6. a3 Bg4 7. Be2 e6 8. h3 Bh5 9. 0-0 Be7 10. Be3 cxd4 11. Nxd4 Bxe2 12. Qxe2 0-0 13. Nd2 Nxd4 14. Bxd4 Rfd8 15. Rfd1 Qf5 16. Qf3 Qxf3 17. Nxf3 Nd5 18. g3 Rdc8 19. a4 f6 20. Rac1 Rd8 21. c4 Nb4 22. Be3 e5 23. Rxd8+ Rxd8 24. Bxa7 Nd3 25. Rb1 Ra8 26. Be3 Rxa4 27. b3 Ra2 28. Rd1 e4 29. Ne1 Ne5 30. Bd4 Nc6 31. Bc3 Bc5 32. Rd2 Ra3 33. Rb2 Bd4 34. Bxd4 Nxd4 35. Rd2 Nxb3 36. Rd8+ Kf7 37. Nc2 Ra2 38. Rd7+ Kg6 39. Rxb7 Nc5 40. Rb5 Nd3 41. Ne3 Rxf2 42. g4 Rf3 43. Nf5 Rxh3 44. c5 Ne5 45. c6 Nxc6 46. Rb7 Kg5 47. Rxg7+ Kf4 48. Kg2 Ra3 49. Rxh7 Ne5 50. Rb7 Nxg4 51. Nd4 Ra2+ 52. Kf1 Ne3+ 53. Ke1 Nc2+ 54. Nxc2 Rxc2 55. Rf7 f5 56. Kd1 Rh2 57. Rf8 e3 58. Ke1 Ke4 59. Rf7 f4 0-1

[Event "FIN-chT1A 0708"]
[Site "Finland"]
[Date "2007.09.15"]
[Round "1.2"]
[White "Laato, Samuli"]
[Black "Lehtivaara, Risto"]
[Result "0-1"]
[WhiteElo "2032"]
[BlackElo "2196"]
[PlyCount "94"]
[EventDate "2007.09.15"]
[EventType "team-tourn"]
[EventRounds "7"]
[EventCountry "FIN"]
[SourceTitle "EXT 2022"]
[Source "ChessBase"]
[SourceDate "2021.10.06"]
[SourceVersion "1"]
[SourceVersionDate "2021.10.06"]
[SourceQuality "1"]
[WhiteTeam "Turku SY"]
[BlackTeam "Espoo MatSK II"]
[WhiteTeamCountry "FIN"]
[BlackTeamCountry "FIN"]

1. e4 e6 2. d4 d5 3. e5 b6 4. c3 a5 5. Bb5+ c6 6. Ba4 Ne7 7. Ne2 Ba6 8. 0-0 Nd7 9. Bg5 Rc8 10. f4 h6 11. Bxe7 Bxe7 12. f5 exf5 13. Rxf5 Nf8 14. Nd2 Ne6 15. Ng3 g6 16. Rf3 0-0 17. Ndf1 c5 18. Ne3 cxd4 19. cxd4 f5 20. Ne2 Bxe2 21. Qxe2 Nxd4 22. Qd1 Nxf3+ 23. Qxf3 Bc5 24. Kh1 Bxe3 25. Qxe3 Qg5 26. Qe1 Rfd8 27. Rd1 Kf8 28. b4 Rc4 29. a3 axb4 30. axb4 Re4 31. Qc3 d4 32. Qc7 Re2 33. Rg1 d3 34. Qxb6 Rxe5 35. Qc7 Qe7 36. Qc3 d2 37. Bd1 Kg7 38. b5 Qf6 39. b6 Re7 40. Qb4 Rb8 41. Qxd2 Rxb6 42. Bf3 Rb2 43. Qd8 Ra7 44. Qe8 Rd2 45. Qe1 Rda2 46. h3 Ra1 47. Qg3 Qd4 0-1

[Event "FIN-chT1B 0506"]
[Site "Finland"]
[Date "2006.01.14"]
[Round "5.1"]
[White "Lehtivaara, Risto"]
[Black "Lehti, Juhani"]
[Result "0-1"]
[WhiteElo "2218"]
[BlackElo "2183"]
[PlyCount "102"]
[EventDate "2005.09.17"]
[EventType "team-tourn"]
[EventRounds "7"]
[EventCountry "FIN"]
[SourceTitle "EXT 2022"]
[Source "ChessBase"]
[SourceDate "2021.10.06"]
[SourceVersion "1"]
[SourceVersionDate "2021.10.06"]
[SourceQuality "1"]
[WhiteTeam "Espoo MatSK II"]
[BlackTeam "Helsinki SSK"]
[WhiteTeamCountry "FIN"]
[BlackTeamCountry "FIN"]

1. e4 e5 2. d4 exd4 3. c3 dxc3 4. Nxc3 Bb4 5. Bc4 Bxc3+ 6. bxc3 Ne7 7. Qh5 0-0 8. Nf3 d5 9. exd5 Bf5 10. 0-0 Bg6 11. Qg5 Nd7 12. Ba3 Re8 13. Rad1 Nf5 14. Qf4 Nd6 15. Bb3 Re4 16. Qc1 Bh5 17. Rd3 Bxf3 18. Rxf3 Ne5 19. Rh3 Rh4 20. Rxh4 Qxh4 21. f4 Nec4 22. Bxd6 Nxd6 23. Qe1 Qf6 24. Rf3 Re8 25. Re3 Rxe3 26. Qxe3 b6 27. h3 g6 28. Kh2 Kg7 29. Qe5 h5 30. g4 hxg4 31. hxg4 g5 32. Qxg5+ Qxg5 33. fxg5 Kg6 34. Bc2+ Kxg5 35. Kg3 Nc4 36. Be4 Ne3 37. Bf3 b5 38. Be2 Nxd5 39. Bxb5 Nxc3 40. Bc4 Ne4+ 41. Kg2 f6 42. Be6 Kf4 43. Kf1 Ng5 44. Bc8 Nf3 45. Ke2 Ne5 46. Kd2 Nxg4 47. Kc3 Ne3 48. Kb4 Nd5+ 49. Ka5 Ke5 50. Ka6 Nb4+ 51. Kxa7 Nxa2 0-1

[Event "FIN-chT1B 0405"]
[Site "Finland"]
[Date "2004.09.19"]
[Round "2.1"]
[White "Lehtivaara, Risto"]
[Black "Seeman, Tarvo"]
[Result "1/2-1/2"]
[WhiteElo "2199"]
[BlackElo "2421"]
[PlyCount "73"]
[EventDate "2004.09.18"]
[EventType "team-tourn"]
[EventRounds "7"]
[EventCountry "FIN"]
[SourceTitle "EXT 2022"]
[Source "ChessBase"]
[SourceDate "2021.10.06"]
[SourceVersion "1"]
[SourceVersionDate "2021.10.06"]
[SourceQuality "1"]
[WhiteTeam "Espoo MatSK II"]
[BlackTeam "Helsinki Aatos"]
[WhiteTeamCountry "FIN"]
[BlackTeamCountry "FIN"]

1. e4 c5 2. c3 g6 3. d4 cxd4 4. cxd4 d5 5. e5 Nc6 6. Nc3 Nh6 7. Be2 Bg7 8. h3 0-0 9. Nf3 f6 10. exf6 exf6 11. 0-0 Be6 12. Re1 Nf5 13. Ba6 bxa6 14. Rxe6 Qd7 15. Re2 Rfe8 16. Rxe8+ Rxe8 17. Bf4 g5 18. Bh2 h5 19. Qa4 g4 20. hxg4 hxg4 21. Ne1 Nfxd4 22. Qxa6 Qf5 23. Rd1 Bh6 24. Nd3 Kf7 25. Bg3 Kg6 26. b4 Re6 27. b5 Nb4 28. Nxb4 Rxa6 29. bxa6 Ne2+ 30. Nxe2 Qe4 31. Nd4 f5 32. Ndc2 f4 33. Rd4 Qe5 34. Bxf4 Bxf4 35. Nd3 Bh2+ 36. Kf1 Qb8 37. Rxg4+ 1/2-1/2

[Event "FIN-chT1B 0405"]
[Site "Finland"]
[Date "2004.09.18"]
[Round "1.1"]
[White "Kauppala, Pekka"]
[Black "Lehtivaara, Risto"]
[Result "0-1"]
[WhiteElo "2211"]
[BlackElo "2199"]
[PlyCount "72"]
[EventDate "2004.09.18"]
[EventType "team-tourn"]
[EventRounds "7"]
[EventCountry "FIN"]
[SourceTitle "EXT 2022"]
[Source "ChessBase"]
[SourceDate "2021.10.06"]
[SourceVersion "1"]
[SourceVersionDate "2021.10.06"]
[SourceQuality "1"]
[WhiteTeam "Helsinki LauttSK"]
[BlackTeam "Espoo MatSK II"]
[WhiteTeamCountry "FIN"]
[BlackTeamCountry "FIN"]

1. f4 d5 2. Nf3 Nf6 3. g3 g6 4. b3 Bg7 5. Bb2 0-0 6. Bg2 c5 7. e3 Nc6 8. Qe2 b6 9. Nc3 a5 10. Ne5 Bb7 11. Nb5 Ne8 12. c4 e6 13. 0-0 a4 14. d3 Nc7 15. bxa4 Rxa4 16. Nxc6 Bxc6 17. Bxg7 Kxg7 18. Nxc7 Qxc7 19. cxd5 Bxd5 20. f5 f6 21. e4 Bc6 22. fxe6 Qe5 23. Bh3 Rfa8 24. Qf2 Bb5 25. Rad1 Rxa2 26. Qf4 Qd4+ 27. Kh1 R8a7 28. Qb8 Re7 29. g4 Bxd3 30. Rxd3 Qxd3 31. g5 Qxe4+ 32. Kg1 Qe3+ 33. Kh1 f5 34. Qd6 Qxe6 35. Qg3 Qe5 36. Qb3 Qxh2# 0-1

[Event "FIN-chT 0304 qual1"]
[Site "Finland"]
[Date "2004.??.??"]
[Round "1.1"]
[White "Lehtivaara, Risto"]
[Black "Salo, Tapio"]
[Result "1/2-1/2"]
[WhiteElo "2178"]
[BlackElo "2305"]
[PlyCount "37"]
[EventDate "2004.??.??"]
[EventType "team-match"]
[EventRounds "1"]
[EventCountry "FIN"]
[SourceTitle "EXT 2022"]
[Source "ChessBase"]
[SourceDate "2021.10.06"]
[SourceVersion "1"]
[SourceVersionDate "2021.10.06"]
[SourceQuality "1"]
[WhiteTeam "Espoo MatSK II"]
[BlackTeam "Salo SK"]
[WhiteTeamCountry "FIN"]
[BlackTeamCountry "FIN"]

1. e4 c5 2. c3 Nf6 3. e5 Nd5 4. d4 cxd4 5. Nf3 e6 6. cxd4 d6 7. Bd3 Nb4 8. Be4 d5 9. Bc2 Nxc2+ 10. Qxc2 Nc6 11. 0-0 Be7 12. Be3 0-0 13. Nbd2 Bd7 14. Rac1 Nb4 15. Qb3 Bb5 16. a3 Bxf1 17. Kxf1 Qb6 18. axb4 Qb5+ 19. Kg1 1/2-1/2

[Event "FIN-chT 0304"]
[Site "Finland"]
[Date "2003.09.20"]
[Round "1.1"]
[White "Lehtivaara, Risto"]
[Black "Solozhenkin, Evgeniy"]
[Result "0-1"]
[WhiteElo "2178"]
[BlackElo "2523"]
[PlyCount "86"]
[EventDate "2003.09.06"]
[EventType "team-tourn"]
[EventRounds "9"]
[EventCountry "FIN"]
[SourceTitle "EXT 2022"]
[Source "ChessBase"]
[SourceDate "2021.10.06"]
[SourceVersion "1"]
[SourceVersionDate "2021.10.06"]
[SourceQuality "1"]
[WhiteTeam "Espoo MatSK II"]
[BlackTeam "Jyvaskyla JyS"]
[WhiteTeamCountry "FIN"]
[BlackTeamCountry "FIN"]

1. e4 c6 2. d4 d5 3. exd5 cxd5 4. c4 Nf6 5. Nc3 e6 6. a3 Be7 7. Nf3 0-0 8. Bd3 dxc4 9. Bxc4 Nbd7 10. 0-0 Nb6 11. Bb3 Bd7 12. Qd3 Bc6 13. Rd1 Nbd5 14. Ne5 Nxc3 15. bxc3 Be4 16. Qh3 Rc8 17. c4 Nd7 18. Qe3 Nxe5 19. dxe5 Qb6 20. Qxb6 axb6 21. Be3 Bc5 22. Bxc5 Rxc5 23. f4 h6 24. Rd6 Bc6 25. a4 g5 26. g3 Kg7 27. Kf2 Ra8 28. Ke3 Kf8 29. Kd4 Ke7 30. Bd1 Raa5 31. Rb1 f6 32. Kc3 fxe5 33. fxe5 Rxe5 34. Rd4 Ra6 35. Kb4 Re1 36. Rb2 e5 37. Rdd2 Ra5 38. Bb3 e4 39. Re2 Rc1 40. Bc2 Re5 41. Kc3 e3 42. Kd4 Kd6 43. Rxb6 Rxc2 0-1

[Event "FIN-chT 0203"]
[Site "Finland"]
[Date "2002.10.20"]
[Round "3.5"]
[White "Lehtivaara, Risto"]
[Black "Topi Hulmi, Teemu"]
[Result "0-1"]
[WhiteElo "2214"]
[BlackElo "2139"]
[PlyCount "72"]
[EventDate "2002.10.21"]
[EventType "team-tourn"]
[EventRounds "9"]
[EventCountry "FIN"]
[SourceTitle "EXT 2004"]
[Source "ChessBase"]
[SourceDate "2003.11.25"]
[SourceVersion "1"]
[SourceVersionDate "2003.11.25"]
[SourceQuality "1"]
[WhiteTeam "Espoo MatSK"]
[BlackTeam "Turku TS"]
[WhiteTeamCountry "FIN"]
[BlackTeamCountry "FIN"]

1. e4 c5 2. c3 d5 3. exd5 Qxd5 4. d4 Nf6 5. Nf3 Bg4 6. Be2 e6 7. h3 Bh5 8. 0-0 Nc6 9. Be3 cxd4 10. cxd4 Be7 11. Nc3 Qd6 12. Nb5 Qd8 13. Ne5 Bxe2 14. Qxe2 Nb4 15. d5 Nbxd5 16. Bxa7 0-0 17. Rfd1 Qa5 18. Bd4 Nf4 19. Qf1 Rfd8 20. Nf3 Rac8 21. a3 N6d5 22. Rac1 h6 23. Kh2 Qa6 24. g3 Ng6 25. h4 Bf6 26. h5 Nge7 27. Kh3 e5 28. Bc5 Qe6+ 29. g4 Nf4+ 30. Kg3 Ned5 31. Re1 e4 32. Nbd4 Bxd4 33. Nxd4 Qe5 34. Nf3 Ne2+ 35. Kh3 Ndf4+ 36. Kh2 exf3 0-1

[Event "FIN-chT 0203"]
[Site "Finland"]
[Date "2002.10.19"]
[Round "2.5"]
[White "Hokkanen, Petri"]
[Black "Lehtivaara, Risto"]
[Result "1-0"]
[WhiteElo "2248"]
[BlackElo "2214"]
[PlyCount "83"]
[EventDate "2002.10.21"]
[EventType "team-tourn"]
[EventRounds "9"]
[EventCountry "FIN"]
[SourceTitle "EXT 2004"]
[Source "ChessBase"]
[SourceDate "2003.11.25"]
[SourceVersion "1"]
[SourceVersionDate "2003.11.25"]
[SourceQuality "1"]
[WhiteTeam "Tampere Taraus"]
[BlackTeam "Espoo MatSK"]
[WhiteTeamCountry "FIN"]
[BlackTeamCountry "FIN"]

1. e4 e6 2. d4 d5 3. e5 b6 4. c3 Qd7 5. Nf3 a5 6. a4 Ba6 7. Bxa6 Nxa6 8. Qd3 Ne7 9. 0-0 h5 10. Bg5 Nf5 11. Nbd2 c5 12. Rfd1 Be7 13. Bxe7 Kxe7 14. Nf1 c4 15. Qd2 Nc7 16. h3 Rab8 17. g4 hxg4 18. hxg4 Nh6 19. Qg5+ Kf8 20. Ng3 Ne8 21. Kg2 Ng8 22. Rh1 Rxh1 23. Rxh1 Qxa4 24. Rh8 Qc2 25. Qh4 Nc7 26. Nh5 Qg6 27. Nf4 Qe4 28. Kg3 Qb1 29. Ng5 Ke7 30. Ngxe6+ Kd7 31. Nxc7 Kxc7 32. Nxd5+ Kb7 33. Ne3 Qxb2 34. Qh1+ Ka7 35. Qd5 Qxc3 36. Qxf7+ Rb7 37. Qxg8 Ka6 38. Qa8+ Ra7 39. Qc8+ Kb5 40. Rh1 Qxd4 41. Rb1+ Ka4 42. Qc6+ 1-0

[Event "FIN-chT 0102"]
[Site "Finland"]
[Date "2001.10.20"]
[Round "2.8"]
[White "Vihinen, Teemu"]
[Black "Lehtivaara, Risto"]
[Result "1/2-1/2"]
[WhiteElo "2150"]
[BlackElo "2204"]
[PlyCount "104"]
[EventDate "2001.09.21"]
[EventType "team-tourn"]
[EventRounds "9"]
[EventCountry "FIN"]
[SourceTitle "EXT 2022"]
[Source "ChessBase"]
[SourceDate "2021.10.06"]
[SourceVersion "1"]
[SourceVersionDate "2021.10.06"]
[SourceQuality "1"]
[WhiteTeam "Vantaa EtVaS"]
[BlackTeam "Espoo MatSK"]
[WhiteTeamCountry "FIN"]
[BlackTeamCountry "FIN"]

1. e4 e6 2. d4 d5 3. e5 b6 4. c3 Qd7 5. f4 Ne7 6. Be3 a5 7. Nd2 Ba6 8. Bxa6 Nxa6 9. Ne2 c5 10. 0-0 h5 11. Rf3 Nf5 12. Bf2 cxd4 13. Nxd4 Nxd4 14. Bxd4 Bc5 15. Nf1 g6 16. Ne3 0-0-0 17. Qd3 Kb7 18. Rd1 Qa4 19. a3 Bxd4 20. Qxd4 Qxd4 21. Rxd4 Nc5 22. Nc2 Rc8 23. Rd1 Na4 24. Rb1 Rc7 25. Nd4 Ka6 26. g3 b5 27. Kg2 Rb8 28. h3 Nc5 29. Ra1 Ne4 30. Rd3 Rc4 31. Nc2 Nc5 32. Re3 Nb3 33. Rd1 Rbc8 34. Re2 Kb6 35. Kf3 Rd8 36. Ke3 Kc5 37. h4 Re4+ 38. Kf3 Rxe2 39. Kxe2 Kc4 40. Ne3+ Kc5 41. Nc2 d4 42. Nxd4 Nxd4+ 43. cxd4+ Rxd4 44. Rd3 b4 45. axb4+ axb4 46. Ke3 Rxd3+ 47. Kxd3 Kd5 48. b3 Kc5 49. Ke4 Kc6 50. Kd4 Kb5 51. Kd3 Kc5 52. Ke3 Kd5 1/2-1/2

[Event "FIN-chT 0102"]
[Site "Finland"]
[Date "2001.09.21"]
[Round "1.8"]
[White "Sisatto, Olli"]
[Black "Lehtivaara, Risto"]
[Result "1/2-1/2"]
[WhiteElo "2192"]
[BlackElo "2204"]
[PlyCount "40"]
[EventDate "2001.09.21"]
[EventType "team-tourn"]
[EventRounds "9"]
[EventCountry "FIN"]
[SourceTitle "EXT 2022"]
[Source "ChessBase"]
[SourceDate "2021.10.06"]
[SourceVersion "1"]
[SourceVersionDate "2021.10.06"]
[SourceQuality "1"]
[WhiteTeam "Tampere Taraus"]
[BlackTeam "Espoo MatSK"]
[WhiteTeamCountry "FIN"]
[BlackTeamCountry "FIN"]

1. d4 d5 2. c4 e6 3. Nf3 c6 4. Nbd2 f5 5. g3 Nd7 6. Bg2 Bd6 7. 0-0 Ngf6 8. Qc2 0-0 9. Nb3 Qe8 10. Bf4 Bxf4 11. gxf4 a5 12. e3 b6 13. Ne5 Ba6 14. Rfc1 Rc8 15. Qd1 Ne4 16. cxd5 cxd5 17. Rxc8 Qxc8 18. Rc1 Qb7 19. Nd2 Nxd2 20. Qxd2 Rc8 1/2-1/2

[Event "FIN-chT1A 0001"]
[Site "Finland"]
[Date "2001.??.??"]
[Round "5.1"]
[White "Lehtivaara, Risto"]
[Black "Topi Hulmi, Teemu"]
[Result "1-0"]
[WhiteElo "2205"]
[BlackElo "2109"]
[PlyCount "89"]
[EventDate "2000.11.??"]
[EventType "team-tourn"]
[EventRounds "7"]
[EventCountry "FIN"]
[SourceTitle "EXT 2022"]
[Source "ChessBase"]
[SourceDate "2021.10.06"]
[SourceVersion "1"]
[SourceVersionDate "2021.10.06"]
[SourceQuality "1"]
[WhiteTeam "Espoo MatSK II"]
[BlackTeam "Turku TS II"]
[WhiteTeamCountry "FIN"]
[BlackTeamCountry "FIN"]

1. e4 c5 2. c3 e6 3. d4 d5 4. e5 Nc6 5. Nf3 Qb6 6. a3 a5 7. Bd3 cxd4 8. cxd4 Bd7 9. Bc2 Nh6 10. Nc3 Nf5 11. Bxf5 exf5 12. Nxd5 Qd8 13. Bg5 Be7 14. Nxe7 Nxe7 15. d5 h6 16. Bxe7 Qxe7 17. 0-0 0-0 18. Rc1 Bb5 19. Re1 Rfd8 20. Nd4 Qd7 21. Rc5 Ba6 22. d6 Rac8 23. Rxa5 f6 24. e6 Qxd6 25. e7 Qxd4 26. exd8Q+ Rxd8 27. Qxd4 Rxd4 28. Rxf5 Kf7 29. b4 Bc4 30. Rc5 b5 31. h3 Rd3 32. Rc7+ Kg6 33. Re3 Rd1+ 34. Kh2 Rd2 35. Kg3 h5 36. Ree7 Rd3+ 37. f3 Kf5 38. Rxg7 Rd2 39. Rce7 Bf1 40. Kh2 Be2 41. Kg1 Bd3 42. Rd7 Rd1+ 43. Kh2 Kf4 44. Rge7 f5 45. Rd4+ 1-0